000
00191 a2200097 4500
020
_a
9781584302827
041
_a
eng
100
_a
Joseph Bruchac
245
_a
crazy horses Vision
942
_c
K
999
_c
31232
_d
31230